000 00690nam a22002297a 4500
005 20251108165943.0
008 250721s2000 xx 000 0 ara d
082 1 4 _a304.2/خفا
100 1 _aالخفاف، عبد علي
245 1 0 _aجغرافية المدن الكبرى في العالم :
_bدراسة جغرافية بيئية /
264 1 _aعمان :
_bدار الكندي،
_c2000.
300 _a109ص.
650 1 7 _aالقارات
650 1 7 _aالمدن
650 1 7 _aسكان الريف
650 1 7 _aالريف
650 1 7 _aالبيئة
650 1 7 _aالجغرافيا
700 1 _aالمؤمني، محمد أحمد
942 _2ddc
_cBK
999 _c35766
_d35766